000 00296nam a22001337a 4500
008 170629b xxu||||| |||| 00| 0 eng d
020 _a0316082112
041 _aeng
080 _27 ED
_a82
100 _a22
101 _aGJL
245 _aINTRODUCTION LITERATURE
_cBERMAN.B
942 _2udc
_cBK
999 _c19468
_d19468